| 000 | 00904nas a2200301 4500 | ||
|---|---|---|---|
| 001 | BR9702654 | ||
| 003 | BR-BrBNA | ||
| 005 | 20231205100223.0 | ||
| 007 | ta | ||
| 008 | 230509b bl.|||p| |||| 00| 00por d | ||
| 040 |
_aBR-BrBNA _bpor _cBiblioteca Nacional de Agricultura |
||
| 041 | _a(Pt) | ||
| 072 | _aH60 | ||
| 100 | 1 | _aLunkes, J.A. | |
| 100 | 1 | _aSilva, J.B. da | |
| 100 | 1 | _aAndrade, M.J.B. de | |
| 100 | 1 | _aSouza, C.N. de | |
| 245 | 1 | _aEfeito de subdoses de oxyfluorfen simulando deriva sobre cultura do feijao (Phaseolux vulgaris L.) | |
| 650 | _aFeijao | ||
| 650 | _aHerbicida | ||
| 650 | _aErva Daninha | ||
| 650 | _aToxidez | ||
| 650 | _aRendimento | ||
| 650 | _aEtapa de Desenvolvimento da Planta | ||
| 773 | 0 |
_tCiencia e Agrotecnologia (Brazil) _xISSN 1413-7054 _g(1996), v. 20(4) p. 452-461 _wBR9702654 |
|
| 909 |
_a202311 _bLúcia _c55 _dLúcia Elande |
||
| 942 |
_2AGRIS _n0 _cANA |
||
| 999 |
_c154809 _d154809 |
||